Global Cuisine by Images - M - Statistics

General Stats
  • This quiz has been taken 71 times
  • The average score is 3 of 16
Answer Stats
Picture Answer % Correct
Macarons
88%
Meatloaf
55%
Meringue
52%
Moussaka
47%
Minestrone
34%
Mille feuille
22%
Macaroni Pie
3%
Malpua
3%
Medovik
3%
Modak
3%
Malva pudding
2%
Memelas
2%
Maluns
0%
Marsipankake
0%
Moambe Chicken
0%
Mrouzia
0%
No matching quizzes found
Score Distribution
Percent of People with Each Score
Percentile by Number Answered
Your Score History
You have not taken this quiz